01070nam a2200265 a 450000500170000000800410001702000180005804100080007610000230008424500620010725000110016926000590018030000220023950001400026165300230040165300390042465300510046365300720051465300400058665300430062665300280066965300290069765300520072670000260077820241202104646.0241128e2019 ag ||||f |||| 001 0 spa d a9789500695770 aspa1 aRodota, Liliana P. aNutrición clínica y dietoterapia /cLiliana P. Rodota a3a ed. aBuenos Aires:bEditorial Médica Panamericana;c2019. a791 p.b27x20 cm. aRodota, L. P. y Castro, M. E. (2019). Nutrición clínica y dietoterapia. (2a ed.). Buenos Aires : Editorial Médica Panamericana.  aNutrición normal aEvaluación y soporte nutricional aNutrición en enfermedades gastrointestinales aNutrición en trastornos metabólicos y enfermedad cardiovascular aNutrición en patologías renales aNutrición en patologías especiales aNutrición y cirugía aNutrición y trasplante aAdministración de servicios de alimentación1 aCastro, Maria Eugenia